Scorpions Lieder - sudden death - Statistiken

Allgemein
  • Dieses Quiz wurde 57 mal gespielt
  • Das Durchschnittsergebnis liegt bei 11 aus 24
Answers on the Grid
Answers color-coded by a green-red scale on the quiz's grid according to % correct below.
Wind of change
Send me an angel
Still loving you
Rock you like a hurricane
I'm leaving you
Always somewhere
Believe in love
Rhythm of love
Tease me please me
Bad boys running wild
Big city nights
Another piece of meat
Blackout
No one like you
When the smoke is going down
Coming home
Holiday
Don't believe her
Only a man
The Zoo
Lovedrive
Hit between the eyes
Loving you sunday morning
Can't live without you
Livin' on a prayer
Listen to your heart
Bad medicine
Bed of roses
Never say goodbye
Who wants to live forever
Every breath you take
The final countdown
Heart-shaped box
Hold the line
Joyride
Only you
 
Antwortstatistiken
Antwort % Korrekt
Wind of change
90%
Still loving you
78%
Rock you like a hurricane
75%
Send me an angel
73%
No one like you
60%
Big city nights
58%
Always somewhere
53%
Bad boys running wild
50%
Tease me please me
50%
Lovedrive
45%
Loving you sunday morning
43%
Can't live without you
40%
Blackout
38%
Holiday
35%
Hit between the eyes
33%
The Zoo
33%
When the smoke is going down
33%
Another piece of meat
30%
Coming home
30%
Don't believe her
30%
I'm leaving you
30%
Rhythm of love
28%
Believe in love
23%
Only a man
18%
Keine übereinstimmenden Quizze gefunden
Verteilung der Resultate
Anzahl Personen mit jedem Resultat
Perzentil nach korrekt beantworteten Fragen
Ihre Resultats-Entwicklung
Sie haben dieses Quiz noch nicht gespielt